Sports Quiz

Random Sports or Football Quiz

Celtic F.C. opening day lineups 1989-2011 Quiz Stats

 Plays Quiz not verified by Sporcle

Score 0/295 Timer 20:00
0 Plays Today
Year % Correct
Henrik Larsson
95%
Henrik Larsson
95%
Henrik Larsson
95%
Henrik Larsson
95%
Henrik Larsson
95%
Henrik Larsson
95%
Henrik Larsson
95%
Chris Sutton
92.4%
Chris Sutton
92.4%
Chris Sutton
92.4%
Chris Sutton
92.4%
Artur Boruc
92.2%
Artur Boruc
92.2%
Artur Boruc
92.2%
John Hartson
89.7%
John Hartson
89.7%
John Hartson
89.7%
Neil Lennon
87.9%
Neil Lennon
87.9%
Neil Lennon
87.9%
Neil Lennon
87.9%
Neil Lennon
87.9%
Rab Douglas
86.1%
Rab Douglas
86.1%
Rab Douglas
86.1%
Andreas Thom
85.8%
Andreas Thom
85.8%
Andreas Thom
85.8%
Scott Brown
85.6%
Scott Brown
85.6%
Scott Brown
85.6%
Scott Brown
85.6%
Bobo Balde
85.5%
Bobo Balde
85.5%
Paul Lambert
83.7%
Paul Lambert
83.7%
Paul Lambert
83.7%
Paul Lambert
83.7%
Paul Lambert
83.7%
Paul Lambert
83.7%
Mark Brown
83.6%
Paul McStay
82.9%
Paul McStay
82.9%
Paul McStay
82.9%
Paul McStay
82.9%
Paul McStay
82.9%
Pat Bonner
82.6%
Pat Bonner
82.6%
Pat Bonner
82.6%
Pat Bonner
82.6%
Paul McStay
82.3%
Gordon Marshall
82.3%
Gordon Marshall
82.3%
Gordon Marshall
81.9%
Gordon Marshall
81.9%
Gordon Marshall
81.9%
David Marshall
81.7%
David Marshall
81.7%
Alan Thompson
80.9%
Alan Thompson
80.9%
Alan Thompson
80.9%
Alan Thompson
80.9%
Stilian Petrov
80.1%
Stilian Petrov
80.1%
Stilian Petrov
80.1%
Stilian Petrov
80.1%
Stilian Petrov
80.1%
Stilian Petrov
80.1%
Gary Hooper
79.1%
Chris Bonner
79.1%
Jackie McNamara
77.7%
Jackie McNamara
77.7%
Jackie McNamara
77.7%
Jackie McNamara
77.7%
Jackie McNamara
77.7%
Jackie McNamara
77.7%
Johan Mjallby
77.2%
Johan Mjallby
77.2%
Johan Mjallby
77.2%
Johan Mjallby
77.2%
Aiden McGeady
76.9%
Aiden McGeady
76.9%
Aiden McGeady
76.9%
Aiden McGeady
76.9%
Aiden McGeady
76.9%
Aiden McGeady
76.9%
Jonathan Gould
76.4%
Jonathan Gould
76.4%
Jonathan Gould
76.4%
Didier Agathe
76.2%
Didier Agathe
76.2%
Didier Agathe
76.2%
Stephen McManus
75.9%
Stephen McManus
75.9%
Stephen McManus
75.9%
Stephen McManus
75.9%
Tom Boyd
75.5%
Tom Boyd
75.5%
Tom Boyd
75.5%
Year % Correct
Joe Miller
75.3%
Joe Miller
75.3%
Shaun Maloney
75.3%
Shaun Maloney
75.3%
Shaun Maloney
75.3%
Shaun Maloney
75.3%
Shaun Maloney
75.3%
Tom Boyd
75.1%
Tom Boyd
75.1%
Tom Boyd
75.1%
Tom Boyd
75.1%
Tom Boyd
75.1%
Tom Boyd
75.1%
Kenny Miller
74.8%
Gary Caldwell
74.3%
Gary Caldwell
74.3%
Liam Miller
74.3%
Scott McDonald
73.4%
Scott McDonald
73.4%
Shunsuke Nakamura
73%
Shunsuke Nakamura
73%
Anthony Stokes
72.9%
Lukasz Zaluska
72.7%
Lukasz Zaluska
72.7%
Mark Wilson
72.3%
Kelvin Wilson
72.3%
Mark Wilson
72.3%
Mark Wilson
72.3%
Mark Wilson
72.3%
Georgios Samaras
68.6%
Georgios Samaras
68.6%
Georgios Samaras
68.6%
Georgios Samaras
68.6%
Joos Valgaeren
67%
Joos Valgaeren
67%
Joos Valgaeren
67%
Joos Valgaeren
67%
Joos Valgaeren
67%
John Collins
67%
John Collins
67%
John Collins
67%
John Collins
67%
John Collins
67%
John Collins
66.5%
Joe Ledley
66%
Joe Ledley
66%
Lubomir Moravcik
65.7%
Jan Vennegoor of Hesselink
65.4%
Jan Vennegoor of Hesselink
65.4%
Jorge Cadete
63.9%
Pierre van Hooijdonk
63.8%
Pierre van Hooijdonk
63.8%
Sung-Yueng Ki
62.8%
Emilio Izaguirre
61.1%
Paul Telfer
61%
Lee Naylor
60%
Lee Naylor
60%
Charlie Mulgrew
59.9%
Barry Robson
59.3%
Paul Hartley
59.1%
Paul Hartley
59.1%
Alan Stubbs
58.7%
Alan Stubbs
58.7%
Alan Stubbs
58.7%
Alan Stubbs
58.7%
Stanislav Varga
58.5%
Stanislav Varga
58.5%
Mo Camara
58.1%
Mo Camara
58.1%
Craig Burley
58.1%
Craig Burley
58.1%
Charlie Nicholas
58%
Charlie Nicholas
58%
Charlie Nicholas
58%
Henri Camara
57.8%
Bobby Petta
57.4%
Bobby Petta
57.4%
Andy Walker
57.3%
Andy Walker
57.3%
Andy Walker
57.3%
Simon Donnelly
57%
Simon Donnelly
57%
Simon Donnelly
57%
Peter Grant
56.9%
Peter Grant
56.9%
Peter Grant
56.9%
Peter Grant
56.9%
Peter Grant
56.9%
Peter Grant
56.5%
Peter Grant
56.5%
Kris Commons
56.2%
Stephane Mahe
55.8%
James Forrest
54.6%
James Forrest
54.6%
Tommy Burns
54.6%
Beram Kayal
54%
Maciej Zurawski
53.6%
Maciej Zurawski
53.6%
Andreas Hinkel
53.1%
Year % Correct
Andreas Hinkel
53.1%
Frank McAvennie
53%
Roy Aitken
52.5%
Chris Morris
51.8%
Chris Morris
51.8%
Chris Morris
51.8%
Mark Viduka
51.5%
Jamie Smith
51.2%
Anton Rogan
49.2%
Phil O'Donnell
49.2%
Phil O'Donnell
49.2%
Glenn Loovens
48.8%
Glenn Loovens
48.8%
Glenn Loovens
48.8%
Marc-Antoine Fortune
47.6%
Marc-Antoine Fortune
47.6%
Massimo Donati
47.5%
Massimo Donati
47.5%
Tommy Johnson
47.4%
Tommy Johnson
47.4%
Tosh McKinlay
46.4%
Tosh McKinlay
46.4%
Tosh McKinlay
46.4%
Mohammed Sylla
45.3%
Mohammed Sylla
45.3%
Jiri Jarosik
45.2%
Du-Ri Cha
43.2%
Mark Burchill
43.1%
Derek Whyte
42.5%
Derek Whyte
42.5%
Derek Whyte
42.5%
Paddy McCourt
42.5%
Regi Blinker
41.5%
Danny Fox
41.5%
Eyal Berkovic
41.3%
Eyal Berkovic
41.3%
Darren O'Dea
41.1%
Tommy Coyne
40.8%
Tommy Coyne
40.8%
Tommy Coyne
40.8%
Darren Jackson
40.5%
Darren Jackson
40.5%
Paul Elliott
40.1%
Harald Brattbakk
39.6%
Vidar Riseth
38.9%
Stephen Pearson
38%
Landry N'Guemo
37.5%
John Kennedy
36.1%
Morten Wieghorst
36%
Morten Wieghorst
36%
Brian O'Neil
34.2%
John Hughes
34%
Brian O'Neil
33.9%
Mike Galloway
33.9%
Mike Galloway
33.9%
Mike Galloway
33.9%
Mike Galloway
33.9%
Olivier Tebily
33.8%
Olivier Tebily
33.8%
Malky MacKay
33.3%
Malky MacKay
33.3%
Gerry Creaney
33.3%
Gerry Creaney
33.3%
Gerry Creaney
33.3%
Tony Mowbray
33.1%
Tony Mowbray
33.1%
Craig Beattie
33.1%
Tony Cascarino
32.9%
Stuart Slater
32.7%
Evander Sno
32.4%
Rudi Vata
31.2%
Stephen Crainey
30.9%
Stephen Crainey
30.9%
Derek Riordan
30.6%
Dariusz Dziekanowski
29.6%
Dariusz Dziekanowski
29.6%
Mark McNally
28.1%
Mark McNally
28.1%
Chris Killen
28.1%
Chris Killen
28.1%
Willie Falconer
27.6%
Brian McLaughlin
27.4%
Paul McLaughlin
27%
David Fernandez
26.6%
Efrain Juarez
26.5%
Gary Gillespie
26%
Dariusz Wdowczyk
25.9%
Dariusz Wdowczyk
25.9%
Dariusz Wdowczyk
25.9%
Dariusz Wdowczyk
25.9%
Jos Hooiveld
25.3%
Pat McGinlay
25.2%
Paul Caddis
20.3%
Martin Hayes
20%
Steve Fulton
19.8%
Steve Fulton
19.8%
Lee Martin
16.9%

You're not logged in!

Compare scores with friends on all Sporcle quizzes.
OR
Log In

Show Comments

Extras

Top Quizzes Today


Score Distribution

Your Account Isn't Verified!

In order to create a playlist on Sporcle, you need to verify the email address you used during registration. Go to your Sporcle Settings to finish the process.

Report this User

Report this user for behavior that violates our Community Guidelines.

Details: